000
00284nam a2200121Ia 4500
999
_c
14208
_d
14208
008
260210s9999 xx 000 0 und d
020
_a
9788496424616
100
_a
George Lam
245
0
_a
Landscape Design Usa
260
_b
Links
_c
2007
300
_a
368 pages
942
_c
BPLAN
_2
ddc